Statistics for Alpha stars of the 88 constellations

Click here to take the quiz!

General Stats

  • This quiz has been taken 12 times
  • The average score is 14 of 88

Answer Stats

Constellationalpha star% Correct
OrionBetelgeuse
75%
Canis MajorSirius
75%
AquilaAltair
63%
ScorpiusAntares
63%
CygnusDeneb
63%
LyraVega
63%
TaurusAldebaran
50%
CarinaCanopus
50%
GeminiCastor
50%
Ursa MinorPolaris
50%
LeoRegulus
50%
VirgoSpica
50%
BootesArcturus
38%
EridanusAchernar
25%
GrusAlnair
25%
HydraAlphard
25%
Corona BorealisAlphecca
25%
PhoenixAnkaa
25%
LepusArneb
25%
AurigaCapella
25%
Canes VenaticiCor Caroli
25%
Ursa MajorDubhe
25%
Piscis AustrinusFomalhaut
25%
AriesHamal
25%
CetusMenkar
25%
PerseusMIrfak
25%
PavoPeacock
25%
Canis MinorProcyon
25%
HerculesRas Algethi
25%
OphiucusRas Alhague
25%
CassiopeiaSchedar
25%
SerpensUnukalhai
25%
LibraZubenelgenubi
25%
CepheusAlderamin
13%
CapricornusAlgedi
13%
PIscesAlrescha
13%
VulpeculaAnser
13%
Triangulum AustraleAtria
13%
FornaxDalim
13%
EquuleusKitalpha
13%
PegasusMarkab
13%
Corona AustralisMeridiana
13%
TriangulumMothallah
13%
ColumbaPhact
13%
CentaurusRigil Kentaurus
13%
AquariusSadalmelik
13%
AndromedaSirrah (Alpheratz)
13%
DelphinusSualocin
13%
CancerAcubens
0%
CorvusAlchiba
0%
CraterAlkes
0%
ApusApodis
0%
Coma BerenicesDiadem
0%
HydrusHead of Hydrus
0%
Leo Minorno alpha star
0%
Puppisno alpha star
0%
Normano alpha star
0%
Sculptorno name
0%
Volansno name
0%
Lupusno name
0%
Velano name
0%
Arano name
0%
Caelumno name
0%
Tucanano name
0%
Camelopardalisno name
0%
Lynxno name
0%
Telescopiumno name
0%
Chamaeleonno name
0%
Sextansno name
0%
Circinusno name
0%
Scutumno name
0%
Indusno name
0%
Octansno name
0%
Reticulumno name
0%
Pyxisno name
0%
Antliano name
0%
Mensano name
0%
Microscopiumno name
0%
Pictorno name
0%
Cruxno name
0%
Monocerosno name
0%
Doradono name
0%
Horologiumno name
0%
Muscano name
0%
Lacertano name
0%
SagittariusRukbat
0%
SagittaSham
0%
DracoThuban
0%

Score Distribution

Percentile by Number Answered

Percent of People with Each Score

Your Score History

You have not taken this quiz